Механизмы приборов: справочник; [Ч. 1]
| Yazar: | |
|---|---|
| Özet: | Справочник содержит систематизацию и описание более 550 механизмов приборов для измерения длин и углов, черчения линий и кривых, для производства математических операций, в том числе механизмов для суммирования, умножения и деления, для сложения векторов, логарифмирования, диференцирования и интегрирования. Описания распределены по группам в зависимости от функционального назначения механизмов, а внутри групп систематизированы по структурно-конструктивному устройству. Описания характеризуют движение и взаимодействие звеньев механизмов и сопровождаются конструктивными, полуконструктивными чертежами или схемами, представляющими опыт современного приборостроения и служащими основой экспериментального метода синтеза. Справочник предназначен для инженеров и техников, работающих в области приборостроения и точной механики, а также для студентов втузов и техникумов соответствующих специальностей. |
| Dil: | Rusça |
| Baskı/Yayın Bilgisi: |
Москва, Машгиз, 1949
|
| Konular: | |
| Materyal Türü: | Kitap |
| KOHA link: | https://koha.lib.tpu.ru/cgi-bin/koha/opac-detail.pl?biblionumber=319754 |
MARC
| LEADER | 00000nam0a2200000 4500 | ||
|---|---|---|---|
| 001 | 319754 | ||
| 005 | 20231102003218.0 | ||
| 035 | |a (RuTPU)RU\TPU\book\345264 | ||
| 090 | |a 319754 | ||
| 100 | |a 20160609d1949 km y0rusy50 ca | ||
| 101 | 0 | |a rus | |
| 102 | |a RU | ||
| 105 | |a a g 001zy | ||
| 200 | 1 | |a Механизмы приборов |e справочник |h [Ч. 1] |f В. А. Юдин | |
| 210 | |a Москва |c Машгиз |d 1949 | ||
| 215 | |a 311 с. |c ил. | ||
| 320 | |a Библиогр.: с. 295-296 | ||
| 330 | |a Справочник содержит систематизацию и описание более 550 механизмов приборов для измерения длин и углов, черчения линий и кривых, для производства математических операций, в том числе механизмов для суммирования, умножения и деления, для сложения векторов, логарифмирования, диференцирования и интегрирования. Описания распределены по группам в зависимости от функционального назначения механизмов, а внутри групп систематизированы по структурно-конструктивному устройству. Описания характеризуют движение и взаимодействие звеньев механизмов и сопровождаются конструктивными, полуконструктивными чертежами или схемами, представляющими опыт современного приборостроения и служащими основой экспериментального метода синтеза. Справочник предназначен для инженеров и техников, работающих в области приборостроения и точной механики, а также для студентов втузов и техникумов соответствующих специальностей. | ||
| 606 | 1 | |a Приборостроение |2 stltpush |3 (RuTPU)RU\TPU\subj\71978 |9 85626 | |
| 610 | 1 | |a приборы | |
| 610 | 1 | |a описание | |
| 610 | 1 | |a чертежи | |
| 610 | 1 | |a схемы | |
| 610 | 1 | |a справочники | |
| 610 | 1 | |a логарифмирование | |
| 675 | |a 681.2(035) |v 4 | ||
| 700 | 1 | |a Юдин |b В. А. | |
| 801 | 1 | |a RU |b 63413507 |c 20160609 | |
| 801 | 2 | |a RU |b 63413507 |c 20200522 |g RCR | |
| 942 | |c BK | ||